000 00613nam a2200217Ia 4500
001 5143
003 GE_BSU
008 181216s||||||||xx |||||||||||||| ||und||
040 _cGE_BSU
080 _a514(072)
100 _aКлопский, В. Ми др
245 _aГеометрия в 9 классе:пособие для учителя.
245 _cПод. ред. Г. Г. Масловой
250 _aИзд. 2-е
260 _aМосква
260 _bПросвещение.
260 _c1983.
300 _a127 с. 22 см.
653 _aеометрия в 9 классе
942 _cBK
999 _c38790
_d38790